[Event "GER-ch U18 Girls"]
[Site "Oberhof"]
[Date "2011.06.14"]
[Round "4"]
[White "Begeluri, Nino"]
[Black "Oberpriller, Katharina"]
[Result "1-0"]
[WhiteElo "1843"]
[BlackElo "1616"]
[PlyCount "119"]
[EventDate "2011.06.11"]
[EventType "swiss"]
[EventRounds "9"]
[EventCountry "GER"]
[SourceTitle "CBM 142 Extra"]
[Source "ChessBase"]
[SourceDate "2011.06.27"]
[SourceVersion "1"]
[SourceVersionDate "2011.06.27"]
[SourceQuality "1"]

1. e4 c6 2. d4 d5 3. Nc3 dxe4 4. Nxe4 Bf5 5. Ng3 Bg6 6. Bc4 e6 7. N1e2 h6 8. Nf4 Bh7 9. 0-0 Nf6 10. Bb3 Bd6 11. Re1 0-0 12. c3 Qc7 13. Qf3 Nbd7 14. Be3 Rfe8 15. Nfh5 Bg6 16. Nxf6+ Nxf6 17. Bxh6 Bxg3 18. hxg3 Bh5 19. Qf4 Qxf4 20. Bxf4 Nd5 21. Bd2 Bg6 22. f3 Rad8 23. Rad1 Ne7 24. Bg5 Rd7 25. Kf2 Nd5 26. Bc1 Rdd8 27. Re2 Rc8 28. a3 a6 29. Ba2 Bh7 30. c4 Nc7 31. Bf4 Red8 32. b4 Bg6 33. g4 Rd7 34. Red2 Rcd8 35. Bxc7 Rxc7 36. Ke3 Rcd7 37. a4 Kf8 38. Bb3 Ke7 39. d5 cxd5 40. cxd5 exd5 41. Rxd5 Rxd5 42. Rxd5 Rc8 43. Rc5 Rd8 44. Rc7+ Rd7 45. Rxd7+ Kxd7 46. f4 f5 47. Bc2 Ke6 48. Kd4 Kf6 49. Kc5 fxg4 50. Bxg6 Kxg6 51. Kb6 Kf5 52. Kxb7 Kxf4 53. Kxa6 Kg3 54. b5 Kxg2 55. b6 g3 56. b7 Kh1 57. b8Q g2 58. Qh8+ Kg1 59. Qxg7 Kh1 60. Qxg2+ 1-0

[Event "Niederbayern-ch"]
[Site "Mamming"]
[Date "2011.03.13"]
[Round "7"]
[White "Strangmueller, Andreas"]
[Black "Oberpriller, Katharina"]
[Result "1/2-1/2"]
[WhiteElo "1852"]
[BlackElo "1556"]
[PlyCount "48"]
[EventDate "2011.03.10"]
[EventType "swiss"]
[EventRounds "7"]
[EventCountry "GER"]
[SourceTitle "EXT 2023"]
[Source "ChessBase"]
[SourceDate "2022.10.05"]
[SourceVersion "1"]
[SourceVersionDate "2022.10.05"]
[SourceQuality "1"]

1. d4 d5 2. c4 e6 3. Nc3 Nf6 4. cxd5 exd5 5. Bg5 Be7 6. e3 0-0 7. Bd3 Re8 8. Qc2 h6 9. Bh4 c5 10. Nge2 Nc6 11. a3 Qd7 12. b3 cxd4 13. exd4 Qg4 14. Bxf6 Bxf6 15. 0-0 Nxd4 16. Nxd4 Bxd4 17. Rad1 Bxc3 18. Qxc3 Be6 19. Rfe1 Qf4 20. g3 Qg5 21. h4 Qe7 22. b4 Rac8 23. Qd4 a6 24. Bb1 h5 1/2-1/2

[Event "Niederbayern-ch"]
[Site "Mamming"]
[Date "2011.03.11"]
[Round "4"]
[White "Grigore Nikolitsch, Corneliu"]
[Black "Oberpriller, Katharina"]
[Result "1-0"]
[WhiteElo "1633"]
[BlackElo "1556"]
[PlyCount "122"]
[EventDate "2011.03.10"]
[EventType "swiss"]
[EventRounds "7"]
[EventCountry "GER"]
[SourceTitle "EXT 2023"]
[Source "ChessBase"]
[SourceDate "2022.10.05"]
[SourceVersion "1"]
[SourceVersionDate "2022.10.05"]
[SourceQuality "1"]

1. e4 c6 2. d4 d5 3. e5 c5 4. c4 e6 5. Nf3 cxd4 6. Qxd4 Nc6 7. Qd1 Nge7 8. Bg5 h6 9. Bf4 Ng6 10. Bg3 Qa5+ 11. Nc3 Bb4 12. Qd3 dxc4 13. Qxc4 0-0 14. a3 Bxc3+ 15. Qxc3 Qxc3+ 16. bxc3 b6 17. Bb5 Bb7 18. Bxc6 Bxc6 19. Ke2 Rac8 20. Rhc1 Bxf3+ 21. gxf3 Rc5 22. f4 Rfc8 23. Kd2 Rc4 24. Ke3 Rxc3+ 25. Rxc3 Rxc3+ 26. Kd4 Rc5 27. a4 Ne7 28. f3 Nf5+ 29. Kd3 Nxg3 30. hxg3 Kh7 31. Rb1 Kg6 32. Rb4 h5 33. g4 Rc1 34. Ke4 Re1+ 35. Kd3 Rg1 36. gxh5+ Kxh5 37. Rc4 Kg6 38. a5 Rb1 39. Rc7 bxa5 40. Rxa7 Ra1 41. Ke2 Ra4 42. Ke3 Ra3+ 43. Kf2 f6 44. Re7 fxe5 45. Rxe6+ Kf7 46. Rxe5 Ra4 47. Kg3 Kf6 48. Rb5 Ra3 49. Kg4 g6 50. Rb6+ Kf7 51. Ra6 Kg7 52. Kg5 Rxf3 53. Ra7+ Kf8 54. Rxa5 Rg3+ 55. Kf6 Kg8 56. Rg5 Rxg5 57. fxg5 Kh7 58. Kf7 Kh8 59. Kxg6 Kg8 60. Kf6 Kf8 61. g6 Kg8 1-0

[Event "Niederbayern-ch"]
[Site "Mamming"]
[Date "2011.03.10"]
[Round "1"]
[White "Oberpriller, Katharina"]
[Black "Thanner, Daniel"]
[Result "0-1"]
[WhiteElo "1556"]
[BlackElo "1855"]
[PlyCount "76"]
[EventDate "2011.03.10"]
[EventType "swiss"]
[EventRounds "7"]
[EventCountry "GER"]
[SourceTitle "EXT 2023"]
[Source "ChessBase"]
[SourceDate "2022.10.05"]
[SourceVersion "1"]
[SourceVersionDate "2022.10.05"]
[SourceQuality "1"]

1. d4 f5 2. Nf3 Nf6 3. g3 g6 4. Bg2 Bg7 5. b3 d6 6. Bb2 0-0 7. 0-0 Qe8 8. c4 Nbd7 9. d5 Nc5 10. Nc3 a6 11. Qc2 Rb8 12. Nd2 e5 13. dxe6 Bxe6 14. Rfe1 Qf7 15. Nf3 h6 16. Nd4 c6 17. Rad1 Rbd8 18. e3 Nfe4 19. Rf1 Rfe8 20. Nce2 Bc8 21. Nf4 g5 22. Nd3 Nxd3 23. Rxd3 d5 24. cxd5 Rxd5 25. Rfd1 Red8 26. Bc1 Qd7 27. Bxe4 fxe4 28. R3d2 Qe8 29. Ne2 Bg4 30. Rxd5 cxd5 31. Rf1 Qh5 32. Nd4 Bh3 33. f4 Bxf1 34. Kxf1 Bxd4 35. exd4 Qf3+ 36. Kg1 Qg4 37. Be3 Rc8 38. Qf2 Qd1+ 0-1

[Event "Bayernliga U20 1011"]
[Site "Bayern"]
[Date "2011.01.22"]
[Round "4.6"]
[White "Oberpriller, Katharina"]
[Black "Korn, Lukas Alexander"]
[Result "1/2-1/2"]
[WhiteElo "1549"]
[BlackElo "1686"]
[PlyCount "102"]
[EventDate "2010.10.16"]
[EventType "team-tourn"]
[EventRounds "7"]
[EventCountry "GER"]
[SourceTitle "EXT 2022"]
[Source "ChessBase"]
[SourceDate "2021.10.06"]
[SourceVersion "1"]
[SourceVersionDate "2021.10.06"]
[SourceQuality "1"]
[WhiteTeam "Ergolding FC U20"]
[BlackTeam "Grossenseebach U20"]
[WhiteTeamCountry "GER"]
[BlackTeamCountry "GER"]

1. d4 Nf6 2. c4 e6 3. Nf3 d5 4. e3 Nbd7 5. Nc3 Bb4 6. Bd2 0-0 7. Be2 dxc4 8. Bxc4 Nb6 9. Be2 Nbd5 10. Rc1 Bd7 11. 0-0 Be7 12. Qb3 Rb8 13. a3 a6 14. Qc2 Rc8 15. Ne4 h6 16. Nc5 Bxc5 17. Qxc5 Ne4 18. Qc2 f5 19. Bd3 Nxd2 20. Qxd2 c6 21. Ne5 Be8 22. Be2 Qf6 23. f4 Qe7 24. Rf3 Nf6 25. Rh3 Ne4 26. Qd1 Kh7 27. Bh5 Rf6 28. Bxe8 Qxe8 29. Qe1 Qe7 30. Qh4 Nd6 31. Qh5 Nf7 32. Rg3 Nxe5 33. dxe5 Qf7 34. Qh3 Rg6 35. Qh5 Rc7 36. Rxg6 Qxg6 37. Qe2 Rd7 38. Rc3 Qf7 39. Rd3 Rxd3 40. Qxd3 Qe7 41. g3 Kg8 42. Kf2 Kf8 43. Kf3 Ke8 44. e4 Qd7 45. Qxd7+ Kxd7 46. exf5 exf5 47. Ke3 Ke6 48. Kd4 b6 49. b4 g6 50. Kc4 g5 51. Kd4 Kd7 1/2-1/2

[Event "GER-chT U20 Girls"]
[Site "Arendsee"]
[Date "2008.12.28"]
[Round "3.3"]
[White "Bojahr, Franziska"]
[Black "Oberpriller, Katharina"]
[Result "1-0"]
[WhiteElo "1303"]
[BlackElo "1333"]
[PlyCount "67"]
[EventDate "2008.12.27"]
[EventType "team-swiss"]
[EventRounds "5"]
[EventCountry "GER"]
[SourceTitle "EXT 2010"]
[Source "ChessBase"]
[SourceDate "2010.11.25"]
[SourceVersion "1"]
[SourceVersionDate "2010.11.25"]
[SourceQuality "1"]
[WhiteTeam "Fritzdorf Gruen Weiss U20 Girls"]
[BlackTeam "Ergolding U20 Girls"]
[WhiteTeamCountry "GER"]
[BlackTeamCountry "GER"]

1. d4 d5 2. c4 e6 3. Nc3 Bb4 4. Bd2 Nf6 5. a3 Be7 6. Nf3 0-0 7. Bf4 a6 8. e3 dxc4 9. Bxc4 b5 10. Bd3 Bb7 11. b4 Nbd7 12. 0-0 Nb6 13. e4 Rc8 14. Qc2 h6 15. Rac1 Kh8 16. h3 Nfd7 17. Ne2 Bd6 18. e5 Be7 19. Qd2 Bxf3 20. gxf3 f5 21. Kh2 g5 22. Bg3 f4 23. Nxf4 gxf4 24. Bxf4 Bg5 25. Bxg5 Qxg5 26. Qxg5 hxg5 27. Be4 Nd5 28. Rg1 Rg8 29. Rg4 Rg7 30. Rcg1 Rcg8 31. h4 Nc3 32. Bd3 Rf8 33. R1g3 Rgf7 34. Rxg5 1-0